Atlas sztuki ludowej i folkloru w Polsce

Titel: Atlas sztuki ludowej i folkloru w Polsce / Marian Pokropek
Verfasser:
Ausgabe: Wyd. 1
Veröffentlicht: Warszawa : Arkady, 1978
Umfang: 381 S., 16 Bl. [zweiseitig bedr.] : zahlr. Ill. u. Kt.
Format: Buch
Sprache: Polnisch
RVK-Notation:
Schlagworte:
Kein Bild verfügbar
X
Lokale Klassifikation: 32 9 G ; 32 3 P
alg: 18872108
001A    $03004:17-07-07 
001B    $01999:25-10-24 $t18:11:29.000 
001C    $03004:17-07-07 $t14:42:22.000 
001D    $03004:17-07-07 
001U    $0utf8 
001X    $00 
002@    $0Aar 
003@    $0188721088 
003O    $005843842 $aOCoLC 
007A    $0188721088 $aHEB 
007T    $0Herdhh188721088 
010@    $apol 
011@    $a1978 
021A    $aAtlas sztuki ludowej i folkloru w Polsce $hMarian Pokropek 
028A    $#Pokropek, Marjan $D20231015 $Ecgwrk $7115918481X $8Pokropek, Marian$Z1932- [Tp3] $9430948816 
032@    $aWyd. 1 
033A    $pWarszawa $nArkady 
034D    $a381 S.,  16 Bl. [zweiseitig bedr.] 
034M    $azahlr. Ill. u. Kt. 
044F    $aVolkskunst 
044F    $bPolen 
044F    $bPolen 
045E    $b12a $b14a $b22x 
045F    $a709.438 $eDDC23BSB 
045F/01 $a709 
045F/03 $g438 
045G    $a390.09438 $eDDC23BSB 
045G/01 $a390 
045G/03 $g438 
045Z    $8LB 24305 [Tkv] $9409475599 

lok: 18872108 3

exp: 18872108 3 1 #EPN
201B/01 $028-10-14 $t08:58:50.000 
201U/01 $0utf8 
203@/01 $0617806837 
206W/01 $0UB1-t0581262 
208@/01 $a01-01-11 $brAa 
209A/01 $aHB 7: KEa 3/20 $du $f000 $hHB 7 KEA 3 20 $x00 
209B/01 $aStUB-Retro $x05 
247C/01 $8601000-3 <30>Frankfurt, Universitätsbibliothek J. C. Senckenberg, Zentralbibliothek (ZB) $9102598258 

lok: 18872108 24
101B    $017-07-07 $t14:42:22.000 
101C    $017-07-07 
101U    $0utf8 
145Z/01 $a32 9 G 
145Z/02 $a32 3 P 

exp: 18872108 24 1 #EPN
201B/01 $017-07-07 $t14:42:22.000 
201C/01 $017-07-07 
201U/01 $0utf8 
203@/01 $0506452727 
208@/01 $a17-07-07 $br 
209A/01 $a32 IX G 60 $du $f050 $h32 9 G 60 $x00 
209C/01 $aK 79.2247 $h79 2247 K 
209G/01 $a71855716 $x00 
220C/01 $aneu 
247C/01 $8358050-7 Marburg, Bibliothek des Herder-Instituts Marburg $9102600961 

lok: 18872108 66

exp: 18872108 66 1 #EPN
201B/01 $016-10-09 $t18:19:49.000 
201U/01 $0utf8 
203@/01 $0582918065 
208@/01 $a15-10-09 $br 
209A/01 $aVk Pokr/A $du $f000 $x00 
209C/01 $a81/1624 GD 
244Z/01 $aatlas sztuki ludowej $x01 
244Z/01 $aatlas folkloru $x02 
244Z/01 $asztuka ludowa $x03 
247C/01 $8618123-5 Darmstadt, Bibliothek des Deutschen Polen-Instituts $9102600902 

lok: 18872108 78

exp: 18872108 78 1 #EPN
201B/01 $019-04-17 $t20:55:01.000 
201U/01 $0utf8 
203@/01 $0793219965 
208@/01 $a12-11-16 $be 
209A/01 $a/ $f000 $x00 
237A/01 $aweiterführende Signatur(en): Herder-Institut: 32 IX G 60 
244Z/01 $2Trx $#Poola $#Lenkija $#Polija $#Polen Land $#Poland $#Lengyelország $#Poľsko $#Polsko $8--Trx--Polska$gkraj $x01 $9391345966 
244Z/01 $2Trx $8--Trx--Monographie $x02 $9391384546 
245Z/01 $a11.10 $x01 
247C/01 $82080>Marburg/Lahn, Herder-Institut, Forschungsbibliothek, Bibliographieportal $9336309341
LEADER 00000cam a22000002c 4500
001 188721088
003 DE-603
005 20241025181129.0
007 tu
008 070717s1978 xx |||| | u00||u|pol c
035 |a (DE-599)HEB188721088 
035 |a (OCoLC)05843842 
040 |a DE-603  |b ger  |c DE-603  |d DE-603 
041 |a pol 
082 0 4 |8 1\u  |a 709.438  |q DE-101  |2 23/BSB 
083 0 |8 2\u  |a 390.09438  |q DE-101  |2 23/BSB 
084 |a 12a  |a 14a  |a 22x  |q DE-101  |2 sdnb 
084 |a LB 24305  |0 (DE-625)90518:864  |0 (DE-603)409475599  |2 rvk 
085 |8 1\u  |b 709 
085 |8 1\u  |z 2  |s 438 
085 |8 2\u  |b 390 
085 |8 2\u  |z 2  |s 438 
100 1 |a Pokropek, Marian  |d 1932-  |0 (DE-603)430948816  |0 (DE-588)115918481X  |2 gnd 
245 0 0 |a Atlas sztuki ludowej i folkloru w Polsce  |c Marian Pokropek 
250 |a Wyd. 1 
264 1 |a Warszawa  |b Arkady  |c 1978 
300 |a 381 S., 16 Bl. [zweiseitig bedr.]  |b zahlr. Ill. u. Kt. 
650 7 |a Volkskunst  |2 local 
651 7 |a Polen  |2 local 
651 7 |a Polen  |2 local 
924 0 |9 30  |a (DE-603)617806837  |b DE-30  |c HES  |d c  |g HB 7: KEa 3/20 
924 0 |9 Mb 50  |a (DE-603)506452727  |b DE-Mb50  |c HES  |d c  |g 32 IX G 60 
924 0 |9 Ds 123  |a (DE-603)582918065  |b DE-Ds123  |c HES  |d d  |g Vk Pokr/A 
924 0 |9 2080  |a (DE-603)793219965  |b DE-2080  |c HES  |d d  |g /